Statistics for US states that do not contain I,O or U in their name

Click here to take the quiz!

General Stats

  • This quiz has been taken 49 times
  • The average score is 9 of 11

Answer Stats

Answer% Correct
Alabama
90%
Texas
90%
Alaska
88%
Arkansas
88%
Maryland
80%
Kansas
80%
Delaware
76%
Tennessee
71%
Nevada
68%
New Jersey
66%
Nebraska
66%

Score Distribution

Percentile by Number Answered

Percent of People with Each Score

Your Score History

You have not taken this quiz